Leçons sur les effects des substances toxiques et médicamenteuses / (Record no. 151976)
[ view plain ]
| 000 -LEADER | |
|---|---|
| campo de control de longitud fija | 00774nam a22002055i 4500 |
| 001 - NÚMERO DE CONTROL | |
| campo de control | 151976 |
| 003 - IDENTIFICADOR DE NÚMERO DE CONTROL | |
| campo de control | ES-MaACL |
| 005 - FECHA Y HORA DE LA ÚLTIMA TRANSACCIÓN | |
| campo de control | 20250730063134.0 |
| 008 - DATOS DE LONGITUD FIJA--INFORMACIÓN GENERAL | |
| campo de control de longitud fija | 030314s1857 fr a |||| | fre d |
| 040 ## - FUENTE DE CATALOGACIÓN | |
| Centro catalogador/agencia de origen | CCPB | B |
| Lengua de catalogación | spa |
| Centro/agencia transcriptor | CCPB | B |
| 100 1# - ENTRADA PRINCIPAL--NOMBRE DE PERSONA | |
| Nombre de persona | Bernard, Claude, |
| Fechas asociadas al nombre | 1813-1878 |
| 9 (RLIN) | 28231 |
| 245 10 - MENCIÓN DEL TÍTULO | |
| Título | Leçons sur les effects des substances toxiques et médicamenteuses / |
| Mención de responsabilidad, etc. | par Claude Bernard. |
| 260 ## - PUBLICACIÓN, DISTRIBUCIÓN, ETC. | |
| Lugar de publicación, distribución, etc. | Paris : |
| Nombre del editor, distribuidor, etc. | J. B. Baillière et fils, |
| Fecha de publicación, distribución, etc. | 1857 ( |
| Lugar de fabricación/manufactura | Corbeil : |
| Fabricante | typ. et stér. de Crété) |
| 300 ## - DESCRIPCIÓN FÍSICA | |
| Extensión | VII, 488 p. : |
| Otras características físicas | il. ; |
| Dimensiones | 22 cm. |
| 490 1# - MENCIÓN DE SERIE | |
| Mención de serie | Cours de Médecine du Collège de France |
| 650 #4 - PUNTO DE ACCESO ADICIONAL DE MATERIA--TÉRMINO DE MATERIA | |
| Término de materia o nombre geográfico como elemento de entrada | Toxicología. |
| 9 (RLIN) | 136941 |
| 830 0# - PUNTO DE ACCESO ADICIONAL DE SERIE-TÍTULO UNIFORME | |
| Título uniforme | Cours de Médecine du Collège de France |
| 9 (RLIN) | 187688 |
| 852 ## - LOCALIZACIÓN | |
| Ubicación | ES-MaACL |
| Número de control de estantería | B-572 |
| Nota libre | -- Enc. hol. |
| Estatus retirado | Estado de pérdida | Estado de daño | No para préstamo | Colección | Biblioteca de origen | Biblioteca actual | Ubicación en estantería | Fecha de adquisición | Fuente de adquisición | Total de préstamos | Signatura topográfica completa | Código de barras | Visto por última vez | Precio de reemplazo | Tipo de ítem Koha |
|---|---|---|---|---|---|---|---|---|---|---|---|---|---|---|---|
| Libros del s. XIX | Biblioteca del Ateneo de Madrid | Biblioteca del Ateneo de Madrid | Sala Pardo Bazán | 17/01/2008 | B-572 | 1158634 | 23/02/2023 | 23/02/2023 | Libro impreso antiguo |
